Business one : one : Intermediate +
A clear structural syllabus set in the context of everyday business functions. Accompanying video: Meeting Objectives
Kaydedildi:
| Materyal Türü: | Kitap |
|---|---|
| Dil: | Undetermined |
| Baskı/Yayın Bilgisi: |
Oxford
Oxford University Press
2006
|
| Konular: | |
| Etiketler: |
Etiketle
Etiket eklenmemiş, İlk siz ekleyin!
|
| Thư viện lưu trữ: | Trung tâm Học liệu Trường Đại học Cần Thơ |
|---|
| LEADER | 00782nam a2200217Ia 4500 | ||
|---|---|---|---|
| 001 | CTU_134193 | ||
| 008 | 210402s9999 xx 000 0 und d | ||
| 020 | |c 92500 | ||
| 082 | |a 428.24 | ||
| 082 | |b B979/CD.1 | ||
| 245 | 0 | |a Business one : one : | |
| 245 | 0 | |b Intermediate + | |
| 245 | 0 | |c Rachel Appleby ... [et al.] | |
| 260 | |a Oxford | ||
| 260 | |b Oxford University Press | ||
| 260 | |c 2006 | ||
| 520 | |a A clear structural syllabus set in the context of everyday business functions. Accompanying video: Meeting Objectives | ||
| 650 | |a English language,English language,Tiếng Anh thực hành,Tiếng Anh thực hành | ||
| 650 | |x Business English,Tiếng Anh trong kinh doanh | ||
| 904 | |i Giang | ||
| 980 | |a Trung tâm Học liệu Trường Đại học Cần Thơ | ||